| 000 | 00570nam a2200229Ia 4500 | ||
|---|---|---|---|
| 005 | 20241129115911.0 | ||
| 008 | 241129s9999||||xx |||||||||||||| ||und|| | ||
| 020 | _a9789395161671 | ||
| 037 | _aTB | ||
| 040 |
_aSDCL _beng _cSDCL |
||
| 041 |
_aeng _2eng |
||
| 084 |
_aG9X, R3 _qSDCL |
||
| 100 | _aNarayanan P. | ||
| 245 | 0 | _aEssentials of biophysics | |
| 250 | _a3rd | ||
| 260 |
_aNew Delhi _bNew Age International _c2023 |
||
| 300 | _axx,536p. | ||
| 365 |
_aINR _b599 |
||
| 650 | _aBiophysics | ||
| 942 |
_cTB _hG9X, R3 |
||
| 999 |
_c1232491 _d1232491 |
||